000 00491nam a2200181Ia 4500
001 9593
005 20260306161730.0
008 260306t2001||||xx |||||||||||||| ||spa||
041 _aESP
082 _a378.5
_bD
100 _aDefensoria del pueblo
_eAUT
245 0 _aSituación de la educación especial en el Perú situación de la educación especial en el Perú
260 _c2001
300 _a160 páginas :
_c24 cm.
650 _aGEN
654 _aCED
942 _cLIB
_dJUS
_fJUS
_2ddc
_n
999 _c9593
_d9593